Advances in civil engineering materials : selected articles from the 7th international conference on architecture and civil engineering (ICACE 2023), Putrajaya, Malaysia / Elham Maghsoudi Nia, Mokhtar Awang editors. (Record no. 22139)

000 -LEADER
fixed length control field 01509nam a22001937a 4500
020 ## - INTERNATIONAL STANDARD BOOK NUMBER
ISBN 9789819707508
082 ## - DEWEY DECIMAL CLASSIFICATION NUMBER
Classification number 620.136
Item number Ad244 2024
245 ## - TITLE STATEMENT
Title Advances in civil engineering materials : selected articles from the 7th international conference on architecture and civil engineering (ICACE 2023), Putrajaya, Malaysia / Elham Maghsoudi Nia, Mokhtar Awang editors.
260 ## - PUBLICATION, DISTRIBUTION, ETC. (IMPRINT)
Place of publication Singapore :
Name of publisher Springer Nature,
Year of publication 2024.
300 ## - PHYSICAL DESCRIPTION
Number of Pages 1 online resource, xv, 1106 pages :
Other physical details illustration (chiefly color).
490 ## - SERIES STATEMENT
Series statement Lecture Notes in Civil Engineering (LNCE, volume 466)
500 ## - GENERAL NOTE
General note Includes bibliographic references.
520 ## - SUMMARY, ETC.
Summary, etc This book showcases the latest research in civil engineering and architectural materials, with a specific focus on the following key areas: circularity, energy retrofitting, building materials, structural advancements, and transportation innovations. The research findings and advancements presented in this book are a part of the 7th International Conference on Architecture and Civil Engineering (ICACE 2023), held on 15 November 2023 at the Everly Hotel Putrajaya, Malaysia. This conference serves as a prominent platform for researchers, professionals, and industry experts to exchange knowledge and ideas in order to advance the fields of civil engineering and architecture.
650 ## - SUBJECT ADDED ENTRY--TOPICAL TERM
Topical Term Civil engineering - Congresses
650 ## - SUBJECT ADDED ENTRY--TOPICAL TERM
Topical Term Building materials - Congresses
700 ## - ADDED ENTRY--PERSONAL NAME
Personal name Elham Maghsoudi Nia, editor.
700 ## - ADDED ENTRY--PERSONAL NAME
Personal name Mokhtar Awang, editor.
942 ## - ADDED ENTRY ELEMENTS (KOHA)
Koha item type Electronic Books
Holdings
Source of acquisition Permanent Location Date acquired Collection code Koha item type Lost status Shelving location Withdrawn status Current Location Full call number
DonationCagayan State University - Carig Library2026-04-14E-BooksElectronic Books E-Resource Section Cagayan State University - Carig Library620.136 Ad244 c2023

Cagayan State University University Library, Carig Campus
Tuguegarao City, Cagayan 3500 | www.csucarig.edu.ph

Powered by Koha